AH International Schools' Libraries

The wizard of Oz / (Record no. 34263)

MARC details
000 -LEADER
fixed length control field 00680cam a22002175i 4500
001 - CONTROL NUMBER
control field 2009
005 - DATE AND TIME OF LATEST TRANSACTION
control field 20161017110812.0
008 - FIXED-LENGTH DATA ELEMENTS--GENERAL INFORMATION
fixed length control field 790525|1979 ||| 000 0 eng
010 ## - LIBRARY OF CONGRESS CONTROL NUMBER
LC control number 79110531
020 ## - INTERNATIONAL STANDARD BOOK NUMBER
International Standard Book Number 9780230030503
040 ## - CATALOGING SOURCE
Original cataloging agency DLC
Transcribing agency DLC
Modifying agency DLC
050 00 - LIBRARY OF CONGRESS CALL NUMBER
Classification number P
100 1# - MAIN ENTRY--PERSONAL NAME
Personal name Baum, L. Frank
Fuller form of name (Lyman Frank),
Dates associated with a name 1856-1919.
245 14 - TITLE STATEMENT
Title The wizard of Oz /
Statement of responsibility, etc L. Frank Baum ; with the drawings of W. W. Denslow.
250 ## - EDITION STATEMENT
Edition statement A limited ed.
260 ## - PUBLICATION, DISTRIBUTION, ETC. (IMPRINT)
Place of publication, distribution, etc London:
Name of publisher, distributor, etc Macmillan,
Date of publication, distribution, etc 2007.
300 ## - PHYSICAL DESCRIPTION
Extent 87 .:
Other physical details ill.;
Dimensions 20 cm.
440 #4 - Series
-- The collector's library of the world's best-loved books
-- 48624
906 ## - LOCAL DATA ELEMENT F, LDF (RLIN)
a 7
b ibc
c orignew
d 2
e ncip
f 19
g y-gencatlg
942 ## - ADDED ENTRY ELEMENTS (KOHA)
Source of classification or shelving scheme
Item type Book
Holdings
Withdrawn status Lost status Source of classification or shelving scheme Damaged status Not for loan Home library Current library Date acquired Total Checkouts Full call number Barcode Date last seen Date last borrowed Price effective from Koha item type
          Asian Hope Primary Library Asian Hope Primary Library 03/22/2016 16 J FIC BAU 085266 04/22/2026 03/11/2026 03/22/2016 Book

For any Logos Library related questions please contact Miss Art at swongnarasuk@asianhope.org.

For any Asian Hope Library related questions please contact Miss Raza at graza@asianhope.org.

Powered by Koha